000 00916nam a22002777a 4500
003 OSt
005 20251103085751.0
008 251103b |||||||| |||| 00| 0 eng d
020 _a978-971-06-4607-4
040 _aDWCL - Main Lib
_cOC
082 _aRes. 740 M297 2022
100 _aMiranda, Quennie S. [and three others]
245 _aMapeh for today's learner 9 /
_cQuennie S. Miranda [and three others]
260 _aQuezon City, Philippines :
_bPhoenix Publishing House,
_cc2022.
300 _aviii, 431 pages :
_billustrations ;
_c25cm.
504 _aIncludes bibliographical references.
650 _a1. Arts
650 _a2. Health
650 _a3. Music
650 _a4. Physical education
700 _aI. Quennie S. Miranda
700 _aII. Laura R. Jugueta
700 _aIII. Dr. Guinevere E. Sacdalan, PhD
700 _aIV. Maria Teresa R. San Jose
942 _2ddc
_cBK-0 CIRC
_mRes.
_n0
999 _c5415
_d5415